| 000 | 00441nam a2200157Ia 4500 | ||
|---|---|---|---|
| 003 | GCL | ||
| 008 | 140319s9999 xx 000 0 ara d | ||
| 040 |
_aGCL / _cGCL |
||
| 082 | 0 | 4 |
_aد _b050 |
| 100 | 1 | _aحسن الاشمونى | |
| 245 | 1 | 0 |
_aالتصنيع طريقنا الى القوة و الرخاء (اقرا 221 ) / _cحسن الاشمونى |
| 300 | _a110 | ||
| 490 |
_aاقرأ _v0 |
||
| 650 | 0 | 4 | _aالتصنيع |
| 942 |
_2ddc _cBK |
||
| 999 |
_c48603 _d48603 |
||